000 01069pam a2200277 a 4500
999 _c7293
_d7293
001 4470107
003 OSt
005 20210929113956.0
008 960308s1996 enka b 001 0 eng
010 _a 96013553
020 _a0521464986 (hardback)
040 _aDLC
_cDDC
_dDLC
050 0 0 _aTA1695
_b.D845 1996
082 0 0 _a620.1DUL 1996
100 1 _aDuley, W. W.
_914963
245 1 0 _aUV lasers.
_bEffects and applications in materials science.
_cEdited by Duley, W.W.
260 _aNew York :
_bCambridge University Press,
_c1996.
300 _axi,407p;
_bill. ;
_c26 cm.
504 _aIncludes; bibliographical references and index.
650 0 _aPhysics
_9809
856 4 2 _3Publisher description
_uhttp://www.loc.gov/catdir/description/cam027/96013553.html
856 4 1 _3Table of contents
_uhttp://www.loc.gov/catdir/toc/cam021/96013553.html
906 _a7
_bcbc
_corignew
_d1
_eocip
_f19
_gy-gencatlg
942 _2ddc
_cO_SHELF